000 01558cam a22003371a 4500
001 6907448
003 BLK
005 20231030094521.0
008 840203s1908 fr 000 0 fre
010 _a 39022964
035 _a(OCoLC)10372133
040 _aDLC
_cICIU
_dDLC
041 _aBUL
_cBUL
080 _aЦивилизация. Култура. Прогрес. История на културата вж 930.85
_b008
_z008
100 _aNordau, Max Simon
_d1849-1923.
_9435992
139 _aNordau, Max Simon
245 1 4 _aLes mensonges conventionnels de notre civilization
_cMax Nordau; traduit sur la douzieme édition allemande par Auguste Dietrich.
260 _aParis
_bW. Hinrichsen
_c1886
_9435993
300 _a354 с.
_c22 cм
380 _a3
490 _9435080
_aКолекция Редки и ценни издания
490 _9435931
_aЛична библиотека на Захари Стоянов
_g№ 68
500 _aНа загл. с. датирано : 27.ІV.936 № 218. - Бел. по полетата на с.288.
650 0 _aЦивилизация - философско-исторически проблеми
_9244134
653 7 _9196229
_aсветовна история
700 1 _aDietrich, Auguste,
_d1846-
_9435996
852 _aРф 886 ЗСт
_bРц
856 _fСъдържание
_lreg users access
_qjpg
_uhttp://185.138.176.146:18082/cgi-bin/koha/opac-retrieve-file.pl?id=8e839c5794d5a610feed29b3821cda8c
_xpicjpg
_zСъдържание
942 _2udc
_cKNG
_n0
_s1
_01
999 _c391373
_d391373
999 _d391373
944 _k30542
_lРусанова Ирена